00564nam a2200193Ia 45000010006000000050017000060070003000230080041000260200021000670400025000880820025001131000030001382450084001682500010002522600046002623000030003083650014003386530018003524580120240114003726.0ta090322s1973 a g b000 u u cRs. 05.50 (Hard) aCotton College,Assam a910.154162bG 669 As aGoswami, Dinesh Chandra . 0aAssamar Arthanaitik Bhugul Bigyan /cDinesh Chandra Goswami.hTextual Documents a1st / aNalbari :bSharma Brothers & Co. ,c1973. a251p. :bill. ;c12 cm. . aRs. 05.50 aT/G-Geography